An evaluation of performance metrics and their effectiveness in measuring ICT project success: a case of Bank of Zambia (Record no. 42676)

MARC details
000 -LEADER
fixed length control field 00672nam a2200145 a 4500
008 - FIXED-LENGTH DATA ELEMENTS--GENERAL INFORMATION
fixed length control field 130319s2012 ||||||||||||||||| || u
050 ## - LIBRARY OF CONGRESS CALL NUMBER
Classification number THESIS/PM
100 ## - MAIN ENTRY--PERSONAL NAME
Personal name Mwauluka, Namukulu
245 13 - TITLE STATEMENT
Title An evaluation of performance metrics and their effectiveness in measuring ICT project success: a case of Bank of Zambia
Statement of responsibility, etc. by Namukulo Mwauluka
260 ## - PUBLICATION, DISTRIBUTION, ETC.
Place of publication, distribution, etc. Kitwe:
Name of publisher, distributor, etc. Copperbelt University, School of Business, Department of Postgraduate studies
Date of publication, distribution, etc. 2012
300 ## - PHYSICAL DESCRIPTION
Extent xi, 82p.: ill.
500 ## - GENERAL NOTE
General note Bibliography
650 ## - SUBJECT ADDED ENTRY--TOPICAL TERM
Topical term or geographic name entry element ICTs-- BANK OF ZAMBIA
995 ## - RECOMMENDATION 995 [LOCAL, UNIMARC FRANCE]
-- CBU-MAIN LIBRARY (Kitwe)
-- 1
-- AVAILABLE
-- Mar 19, 2013
-- University Collection
Holdings
Withdrawn status Lost status Source of classification or shelving scheme Damaged status Not for loan Home library Current library Shelving location Date acquired Total Checkouts Full call number Barcode Date last seen Price effective from Koha item type
          CBU-MAIN LIBRARY, KITWE. CBU-MAIN LIBRARY, KITWE.   11/30/2022   THESIS/PM B643 11/30/2022 11/30/2022 MONOGRAPH